Strategies and Games : (Record no. 612836)

MARC details
000 -LEADER
fixed length control field 00501nam a2200193 a 4500
008 - FIXED-LENGTH DATA ELEMENTS--GENERAL INFORMATION
fixed length control field 260217s1999##################000#0#eng##
020 ## - INTERNATIONAL STANDARD BOOK NUMBER
ISBN 9780262041690
082 04 - DEWEY DECIMAL CLASSIFICATION NUMBER
Classification number 330.015193
Item number DUT
100 1# - MAIN ENTRY--AUTHOR NAME
Personal name Dutta, Prajit K.,
245 10 - TITLE STATEMENT
Title Strategies and Games :
260 ## - PUBLICATION, DISTRIBUTION, ETC. (IMPRINT)
Name of publisher MIT Press,
Year of publication 1999.
300 ## - PHYSICAL DESCRIPTION
Number of Pages 507 pages
650 #0 - SUBJECT ADDED ENTRY--TOPICAL TERM
Topical Term Business & Economics.
942 ## - ADDED ENTRY ELEMENTS (KOHA)
Koha item type English Books
Holdings
Withdrawn status Lost status Damaged status Not for loan Home library Current library Shelving location Date acquired Full call number Accession Number Price effective from Koha item type
        Anna Centenary Library Anna Centenary Library 4TH FLOOR, A WING 17.02.2026 330.015193 DUT 332279 17.02.2026 English Books

Find us on the map